01272nam a2200313 i 450000100060000000300090000600500170001500800390003201500170007103500210008804000280010904100130013708000240015010000400017424501850021424600730039926000600047230000250053233600270055733700540058433800280063838000170066649000270068365800340071070000440074471000460078885600980083483000260093213335KOSZ 00520201209092209.0071123s1970 pl f f 000 0 pol aPB 1971/2054 a(OCoLC)233498351 aWA NcWA NdKOSZ 005/KK1 apolhrus a621(4):338.984.5(4)1 aKormnov, Ûrij FilipovičeAutor.10aMiędzynarodowa specjalizacja produkcji :bna przykładzie współpracy krajów RWPG w przemyśle maszynowym /cJurij Kormonov [tłumaczenie z rosyjskiego Janina Skrzypkowska].1 iTytuł oryginału.:aMeždunarodnaâ specializaciâ proizvodstva. aWarszawa :bPaństwowe Wydawnictwo Ekonomiczne,c1970. a408 stron. ;c18 cm. 2rdacontentaTekstbtxt 2rdamediaaBez urządzenia pośredniczącegobn 2rdacarrieraWoluminbnc aKsiążki.1 aPolska, RWPG, Świat. aGospodarka, ekonomia, finanse1 aSkrzypkowa, Janina Maria.eTłumaczenie2 aPaństwowe Wydawnictwo Ekonomiczne4pbl. uhttp://koha.tu.koszalin.pl/cgi-bin/koha/opac-detail.pl?biblionumber=13335yKatalog online BPK 0aPolska, RWPG, Świat